000 00310nam a2200121Ia 4500
005 20260326235446.0
008 260326s9999||||xx |||||||||||||| ||und||
100 _aRiley, Terence
245 0 _aTall Buildings /
_cTerence Riley
260 _bThe Museum of Modern Art
650 _aARQUITECTURA CIVIL
942 _cBK
999 _c7594
_d7594